[Event "Festival Carnevale d'Europa"]
[Site "Cento ITA"]
[Date "2011.02.11"]
[Round "7"]
[White "Ansell, Simon T."]
[Black "Fierro Baquero, Martha Lorena"]
[WhiteElo "2423"]
[BlackElo "2363"]
[Result "1/2-1/2"]
[PlyCount "100"]
[EventDate "2011.02.05"]

1. e4 c5 2. Nc3 g6 3. f4 Bg7 4. Nf3 Nc6 5. Bb5 Nd4 6. O-O Nxb5 7. Nxb5 d6 8. d3
Nf6 9. Qe1 O-O 10. Kh1 e6 11. Qh4 a6 12. Nc3 b5 13. e5 Nd5 14. Qh3 Nxc3 15.
bxc3 Bb7 16. d4 Rc8 17. Be3 cxd4 18. Bxd4 Bd5 19. a4 Qd7 20. axb5 axb5 21. Ra7
Qc6 22. Rfa1 Ra8 23. Ne1 Rxa7 24. Rxa7 b4 25. cxb4 Qc4 26. Qd3 Qxb4 27. c3 Qb8
28. exd6 Bxd4 29. Qxd4 Qxd6 30. h3 Qd8 31. Nd3 Qh4 32. Kh2 Rd8 33. Qe3 Ra8 34.
Rxa8+ Bxa8 35. c4 Qe7 36. Qb6 Qb7 37. Qxb7 Bxb7 38. g4 f6 39. g5 Kf7 40. Kg3
Ba6 41. gxf6 Kxf6 42. Ne5 g5 43. Ng4+ Kf5 44. fxg5 Kxg5 45. Ne3 h5 46. h4+ Kf6
47. Kf4 Bb7 48. Nd1 e5+ 49. Ke3 Kf5 50. Nf2 Ba8 1/2-1/2

[Event "Festival Carnevale d'Europa"]
[Site "Cento ITA"]
[Date "2011.02.11"]
[Round "7"]
[White "Bentivegna, Francesco"]
[Black "De Andres Gonalons, Fernando"]
[WhiteElo "2348"]
[BlackElo "2084"]
[Result "1/2-1/2"]
[PlyCount "143"]
[EventDate "2011.02.05"]

1. e4 e6 2. d4 d5 3. Nc3 Nf6 4. Bg5 Be7 5. e5 Nfd7 6. h4 Bxg5 7. hxg5 Qxg5 8.
Nb5 Na6 9. Nh3 Qe7 10. Qg4 g6 11. O-O-O Nf8 12. a3 Bd7 13. Qg3 Bc6 14. f4 Nb8
15. Nc3 Nbd7 16. Qe3 Nb6 17. g4 O-O-O 18. Ng5 h6 19. f5 gxf5 20. gxf5 exf5 21.
Nf3 h5 22. Qg5 Qxg5+ 23. Nxg5 Be8 24. Bh3 Kb8 25. Bxf5 Rh6 26. Ne2 Nc8 27. Rdf1
Ne7 28. Bd3 Ne6 29. Nxf7 Bxf7 30. Rxf7 Nc6 31. c3 a6 32. Ng3 Rdh8 33. Rh4 Ncd8
34. Rf1 c5 35. Nf5 Rg6 36. Rfh1 Rg5 37. Nd6 cxd4 38. cxd4 Rf8 39. Kb1 Rf2 40.
Rc1 Nc6 41. Be4 Nc7 42. Bxd5 Nxd5 43. Ne4 Rff5 44. Nxg5 Rxg5 45. Rch1 Kc7 46.
Rxh5 Rxh5 47. Rxh5 Nxd4 48. Rh7+ Kc6 49. Rh6+ Kc5 50. b4+ Kc4 51. Kb2 Nc6 52.
Rh4+ Kb5 53. Kb3 Nde7 54. Rh7 Kb6 55. a4 Kc7 56. b5 Nd4+ 57. Kc4 Ndf5 58. Rh1
Ne3+ 59. Kc5 N3d5 60. Rh6 b6+ 61. Kc4 Ne3+ 62. Kd3 N3f5 63. Rf6 Ng3 64. Re6 Nd5
65. Rc6+ Kb7 66. Kc4 Nc7 67. Rh6 Ne4 68. Rh7 Kb8 69. Rh6 Kb7 70. Rg6 Nc5 71.
Rg1 N5e6 72. Rg6 1/2-1/2

[Event "Festival Carnevale d'Europa"]
[Site "Cento ITA"]
[Date "2011.02.11"]
[Round "7"]
[White "Bossoni, Mario"]
[Black "Sorbera, Giovanni"]
[WhiteElo "1952"]
[BlackElo "2135"]
[Result "1/2-1/2"]
[PlyCount "79"]
[EventDate "2011.02.05"]

1. e4 c5 2. d4 cxd4 3. c3 d3 4. Bxd3 Nc6 5. c4 d6 6. Nc3 Nf6 7. h3 e6 8. Nf3
Be7 9. O-O O-O 10. Be3 Bd7 11. Qe2 Ne5 12. Nxe5 dxe5 13. f4 Bc6 14. Rfd1 Qc7
15. Qf2 Rfd8 16. Rac1 Nd7 17. Nd5 exd5 18. cxd5 exf4 19. Bxf4 Ne5 20. Be2 Bf6
21. dxc6 Rxd1+ 22. Bxd1 bxc6 23. Bb3 Rd8 24. Bd5 Qe7 25. Bxe5 Bxe5 26. Rxc6 g6
27. b3 Kg7 28. Qc2 h5 29. Kf1 h4 30. Qc5 Rd6 31. Rxd6 Bxd6 32. Qc3+ Be5 33. Qf3
Qc7 34. Bc4 f6 35. Qd3 Qc5 36. Qd7+ Kh6 37. Qd2+ Kg7 38. Qd7+ Kh6 39. Qd2+ Kg7
40. Qd7+ 1/2-1/2

[Event "Festival Carnevale d'Europa"]
[Site "Cento ITA"]
[Date "2011.02.11"]
[Round "7"]
[White "Bruno, Fabio"]
[Black "Brunello, Sabino"]
[WhiteElo "2436"]
[BlackElo "2540"]
[Result "1/2-1/2"]
[PlyCount "26"]
[EventDate "2011.02.05"]

1. d4 Nf6 2. Nf3 e6 3. Bf4 b6 4. e3 Bb7 5. Bd3 Nc6 6. O-O Nh5 7. Bg5 Be7 8.
Bxe7 Nxe7 9. Nbd2 O-O 10. Ng5 Nf6 11. c3 h6 12. Nh3 d6 13. f4 c5 1/2-1/2

[Event "Festival Carnevale d'Europa"]
[Site "Cento ITA"]
[Date "2011.02.11"]
[Round "7"]
[White "Buriani, Andrea"]
[Black "Caruso, Augusto"]
[WhiteElo "2171"]
[BlackElo "2256"]
[Result "1/2-1/2"]
[PlyCount "55"]
[EventDate "2011.02.05"]

1. d4 f5 2. Nf3 g6 3. Bf4 Nf6 4. e3 Bg7 5. Bc4 e6 6. Nc3 d6 7. O-O O-O 8. Re1
Kh8 9. Bg5 c6 10. a4 Qc7 11. Bxf6 Bxf6 12. e4 d5 13. exd5 cxd5 14. Bb3 Nc6 15.
Ne2 Na5 16. Ba2 Nc4 17. Bxc4 dxc4 18. Qd2 Bd7 19. Nf4 Rfe8 20. Nxg6+ hxg6 21.
Qh6+ Kg8 22. Qxg6+ Bg7 23. Ng5 Qd8 24. Qf7+ Kh8 25. Qh5+ Kg8 26. Qf7+ Kh8 27.
Qh5+ Kg8 28. Qf7+ 1/2-1/2

[Event "Festival Carnevale d'Europa"]
[Site "Cento ITA"]
[Date "2011.02.11"]
[Round "7"]
[White "Caprio, Guido"]
[Black "Korneev, Oleg"]
[WhiteElo "2272"]
[BlackElo "2576"]
[Result "0-1"]
[PlyCount "56"]
[EventDate "2011.02.05"]

1. e4 e5 2. Bc4 Nf6 3. Nc3 Nc6 4. d3 Bc5 5. f4 d6 6. Nf3 a6 7. f5 Na5 8. Bg5 b5
9. Bb3 c6 10. Qe2 Bb7 11. Nd1 h6 12. Bh4 Nxb3 13. axb3 Qe7 14. Bf2 Bxf2+ 15.
Nxf2 g6 16. Nh4 g5 17. Nf3 g4 18. Nh4 h5 19. g3 d5 20. O-O-O d4 21. c4 a5 22.
Kc2 a4 23. Ra1 Qb4 24. Ra3 axb3+ 25. Rxb3 Qa4 26. cxb5 Ra5 27. Ra1 Qxa1 28.
bxc6 Rc5+ 0-1

[Event "Festival Carnevale d'Europa"]
[Site "Cento ITA"]
[Date "2011.02.11"]
[Round "7"]
[White "Casadei, Mauro"]
[Black "Simonian, Hrair"]
[WhiteElo "2166"]
[BlackElo "2475"]
[Result "1/2-1/2"]
[PlyCount "106"]
[EventDate "2011.02.05"]

1. d4 Nf6 2. c4 e6 3. Nc3 d5 4. cxd5 Nxd5 5. e4 Nxc3 6. bxc3 c5 7. Nf3 cxd4 8.
cxd4 Bb4+ 9. Bd2 Bxd2+ 10. Qxd2 O-O 11. Bc4 Nc6 12. O-O b6 13. Rad1 Bb7 14. Qf4
Na5 15. Bd3 Qf6 16. Qe3 Qe7 17. Rfe1 Rfd8 18. Qf4 Qf6 19. Qe3 Rac8 20. d5 e5
21. Rc1 Qd6 22. Nh4 Rxc1 23. Rxc1 Bc8 24. Qd2 Bd7 25. Ba6 Nc6 26. Nf3 Nb8 27.
Be2 f6 28. h3 Rc8 29. Rxc8+ Bxc8 30. Qc3 Bb7 31. Nd2 Nd7 32. Nc4 Qc5 33. Qb3
Kf8 34. Bg4 Ba6 35. Ne3 Qc1+ 36. Kh2 Nc5 37. Qb4 Qa1 38. d6 Qd4 39. d7 Qd6 40.
Nd5 Bb7 41. Nc3 Bc6 42. Qa3 a5 43. Nd5 Bxd5 44. exd5 Qxd5 45. Qf3 e4 46. Qf5
Qd6+ 47. g3 Kf7 48. Qxh7 Nxd7 49. Bh5+ Ke7 50. Qxg7+ Kd8 51. Bg4 Qe7 52. Qg8+
Kc7 53. h4 Ne5 1/2-1/2

[Event "Festival Carnevale d'Europa"]
[Site "Cento ITA"]
[Date "2011.02.11"]
[Round "7"]
[White "Cavatorta, Fosco"]
[Black "Bruno, Elio"]
[WhiteElo "1917"]
[BlackElo "1671"]
[Result "1-0"]
[PlyCount "90"]
[EventDate "2011.02.05"]

1. d4 Nf6 2. Nf3 g6 3. Bf4 Bg7 4. e3 O-O 5. Be2 d5 6. O-O Nh5 7. Bg5 Nd7 8. h3
a6 9. Bh4 h6 10. Nfd2 Nhf6 11. c4 c6 12. cxd5 cxd5 13. Nc3 e6 14. Rc1 b5 15.
Bg3 Nb6 16. a4 b4 17. Na2 a5 18. Bc7 Qe7 19. Bxb6 Qb7 20. Bc5 Re8 21. Bb5 Bd7
22. Qe2 Bxb5 23. Qxb5 Qxb5 24. axb5 Rab8 25. b6 Nd7 26. Nb3 a4 27. Na5 b3 28.
Nb4 Nxb6 29. Nbc6 Nd7 30. Nxb8 Nxb8 31. Bd6 Nd7 32. Rc7 Nf6 33. Rfc1 Ne4 34.
Bb4 Bf6 35. Rc8 Rxc8 36. Rxc8+ Kg7 37. Nc6 Bh4 38. g3 Bf6 39. Kg2 h5 40. h4 g5
41. f3 a3 42. Bxa3 Nd2 43. hxg5 Bxg5 44. f4 Bf6 45. Na5 Nc4 1-0

[Event "Festival Carnevale d'Europa"]
[Site "Cento ITA"]
[Date "2011.02.11"]
[Round "7"]
[White "Collutiis, Duilio"]
[Black "Lekic, Dusan"]
[WhiteElo "2463"]
[BlackElo "2389"]
[Result "1-0"]
[PlyCount "64"]
[EventDate "2011.02.05"]

1. Nf3 c5 2. g3 Nc6 3. Bg2 g6 4. O-O Bg7 5. e4 e5 6. c3 Nge7 7. a3 d6 8. d3 O-O
9. b4 h6 10. Bb2 a6 11. Nbd2 Be6 12. Re1 Qd7 13. Nb3 b6 14. Rb1 g5 15. h4 g4
16. Nfd2 Rad8 17. Nc4 Nc8 18. Ne3 a5 19. bxa5 bxa5 20. Nd2 N8e7 21. Ndc4 Rb8
22. Qa4 Rb7 23. Ba1 Rfb8 24. Rxb7 Rxb7 25. Nf5 Nc8 26. Qd1 h5 27. Nce3 N6e7 28.
f3 d5 29. fxg4 d4 30. Nxg7 Kxg7 31. Nf5+ Nxf5 32. gxf5 Bb3 1-0

[Event "Festival Carnevale d'Europa"]
[Site "Cento ITA"]
[Date "2011.02.11"]
[Round "7"]
[White "Colonnello, Piero"]
[Black "Albinelli, Alberto"]
[WhiteElo "1934"]
[BlackElo "1817"]
[Result "1-0"]
[PlyCount "45"]
[EventDate "2011.02.05"]

1. e4 e5 2. Nf3 Nf6 3. Nxe5 d6 4. Nf3 Nxe4 5. d4 d5 6. Bd3 Nc6 7. O-O Be7 8. c4
Nb4 9. cxd5 Nxd3 10. Qxd3 Qxd5 11. Nc3 Nxc3 12. bxc3 O-O 13. Bf4 Bf5 14. Qd2 c5
15. Rfe1 Bf6 16. Be5 Bd8 17. dxc5 Qxd2 18. Nxd2 Ba5 19. Nb3 Bd8 20. Bd6 Bf6 21.
Bxf8 Bxc3 22. Bd6 Bxa1 23. Rxa1 1-0

[Event "Festival Carnevale d'Europa"]
[Site "Cento ITA"]
[Date "2011.02.11"]
[Round "7"]
[White "Danielian, Elina"]
[Black "David, Alberto"]
[WhiteElo "2454"]
[BlackElo "2580"]
[Result "1/2-1/2"]
[PlyCount "54"]
[EventDate "2011.02.05"]

1. d4 Nf6 2. Nf3 d5 3. c4 e6 4. Nc3 Bb4 5. Qa4+ Nc6 6. e3 O-O 7. Bd2 Re8 8. Rd1
h6 9. h3 Bd6 10. a3 a6 11. Qc2 dxc4 12. Bxc4 e5 13. dxe5 Nxe5 14. Nxe5 Rxe5 15.
Qb3 Qe8 16. Nd5 Ne4 17. Bb4 b5 18. Bd3 Bxb4+ 19. axb4 Be6 20. Bxe4 Rxe4 21. Qa3
Bxd5 22. Rxd5 Qf8 23. Rc5 a5 24. Rxb5 Rxb4 25. Rxa5 Rxa5 26. Qxa5 Rxb2 27. O-O
Qb8 1/2-1/2

[Event "Festival Carnevale d'Europa"]
[Site "Cento ITA"]
[Date "2011.02.11"]
[Round "7"]
[White "De Florio, Federico"]
[Black "Necesito, Donald"]
[WhiteElo "2196"]
[BlackElo "1437"]
[Result "1-0"]
[PlyCount "33"]
[EventDate "2011.02.05"]

1. d4 d5 2. Nf3 Nf6 3. e3 e6 4. Bd3 Bd6 5. b3 c6 6. Bb2 Nbd7 7. Ne5 Qc7 8. f4
b6 9. Nd2 O-O 10. O-O c5 11. Rf3 Bb7 12. Rg3 cxd4 13. Nxd7 Qxd7 14. Bxd4 Be7
15. Rxg7+ Kxg7 16. Qg4+ Kh6 17. Qg5# 1-0

[Event "Festival Carnevale d'Europa"]
[Site "Cento ITA"]
[Date "2011.02.11"]
[Round "7"]
[White "De Santis, Alessio"]
[Black "Leon Hoyos, Manuel"]
[WhiteElo "2289"]
[BlackElo "2565"]
[Result "1-0"]
[PlyCount "57"]
[EventDate "2011.02.05"]

1. d4 Nf6 2. c4 c5 3. d5 b5 4. cxb5 a6 5. b6 d6 6. Nc3 Nbd7 7. Nf3 g6 8. e4 Bg7
9. a4 a5 10. Bb5 O-O 11. O-O Nxb6 12. Re1 e6 13. Bc6 Rb8 14. Nb5 exd5 15. exd5
Nh5 16. Bg5 f6 17. Bd2 Nc4 18. Bc3 Bg4 19. h3 Bc8 20. Nd2 Ne5 21. Ne4 Nf7 22.
Qd2 Bh6 23. Bxa5 Qe7 24. Qc3 Rxb5 25. axb5 Ne5 26. Bb6 Nf4 27. Ra7 Bd7 28. Bxd7
Nxd5 29. Bc6 1-0

[Event "Festival Carnevale d'Europa"]
[Site "Cento ITA"]
[Date "2011.02.11"]
[Round "7"]
[White "Dvirnyy, Danyyil"]
[Black "Bove, Alessandro"]
[WhiteElo "2480"]
[BlackElo "2365"]
[Result "1/2-1/2"]
[PlyCount "128"]
[EventDate "2011.02.05"]

1. Nf3 Nf6 2. c4 e6 3. Nc3 Bb4 4. Qc2 O-O 5. a3 Bxc3 6. Qxc3 d6 7. d3 e5 8. g3
a5 9. b3 c5 10. Bg2 Nc6 11. Bb2 Qb6 12. e3 a4 13. bxa4 Qa5 14. Nd2 Qxa4 15. O-O
Bd7 16. f4 Ng4 17. Rae1 Qa5 18. Qxa5 Rxa5 19. Ne4 Bf5 20. h3 Bxe4 21. Bxe4 Nf6
22. Bg2 Re8 23. Kf2 Ra4 24. Rb1 Re7 25. Rfd1 h6 26. g4 Kf8 27. g5 Ng8 28. h4 g6
29. Bd5 exf4 30. exf4 Nd4 31. Bxd4 cxd4 32. Rb3 hxg5 33. hxg5 Kg7 34. Bxb7 Re3
35. Re1 Rxc4 36. Rxe3 dxe3+ 37. Kxe3 Rc2 38. Be4 Ne7 39. Rb7 Nf5+ 40. Bxf5 gxf5
41. a4 Ra2 42. Ra7 Rh2 43. Ra5 Ra2 44. Ra6 Ra1 45. a5 Ra4 46. Ra8 f6 47. gxf6+
Kxf6 48. a6 Ke6 49. Kd2 Kd5 50. Ke3 Ke6 51. a7 Kd5 52. Kf3 Ra3 53. Kg3 Kd4 54.
Kh4 Kxd3 55. Kg5 Ra5 56. Kf6 Kd4 57. Kg6 Kd3 58. Kg5 Kd4 59. Kf6 Kd3 60. Rd8
Rxa7 61. Kxf5 Ke3 62. Rxd6 Rf7+ 63. Rf6 Rxf6+ 64. Kxf6 Kxf4 1/2-1/2

[Event "Festival Carnevale d'Europa"]
[Site "Cento ITA"]
[Date "2011.02.11"]
[Round "7"]
[White "Frigieri, Fabrizio"]
[Black "Modder, Frank"]
[WhiteElo "2161"]
[BlackElo "1926"]
[Result "1-0"]
[PlyCount "43"]
[EventDate "2011.02.05"]

1. e4 e6 2. d4 d5 3. Nc3 Nf6 4. Bg5 Bb4 5. Nge2 dxe4 6. a3 Be7 7. Bxf6 Bxf6 8.
Nxe4 O-O 9. Qd2 Nd7 10. O-O-O Qe7 11. g4 c5 12. f4 Bh4 13. g5 f6 14. Rg1 fxg5
15. fxg5 Bf2 16. Nxf2 Rxf2 17. Qe3 Rf8 18. Nf4 cxd4 19. Rxd4 e5 20. Bc4+ Rf7
21. g6 Qc5 22. gxf7+ 1-0

[Event "Festival Carnevale d'Europa"]
[Site "Cento ITA"]
[Date "2011.02.11"]
[Round "7"]
[White "Gaspari, Mauro"]
[Black "Calavalle, Giulio"]
[WhiteElo "1951"]
[BlackElo "2237"]
[Result "0-1"]
[PlyCount "60"]
[EventDate "2011.02.05"]

1. c4 b6 2. Nc3 Bb7 3. e4 Nc6 4. Nf3 e5 5. d4 exd4 6. Nxd4 Nf6 7. Nxc6 Bxc6 8.
f3 Bc5 9. Bg5 h6 10. Bh4 g5 11. Bg3 Qe7 12. Qe2 Nh5 13. Bf2 Nf4 14. Qd2 f5 15.
O-O-O fxe4 16. fxe4 O-O-O 17. Bxc5 Qxc5 18. Nd5 Rhe8 19. g3 Ng6 20. b4 Qd6 21.
Bg2 Qe5 22. Nc3 Re6 23. Kb1 Rd6 24. Qc2 Rf8 25. Rxd6 Qxd6 26. a3 Qd4 27. e5 Rf2
28. Qxg6 Qxc3 29. Qe8+ Kb7 30. Bxc6+ dxc6 0-1

[Event "Festival Carnevale d'Europa"]
[Site "Cento ITA"]
[Date "2011.02.11"]
[Round "7"]
[White "Godena, Michele"]
[Black "Borgo, Giulio"]
[WhiteElo "2541"]
[BlackElo "2401"]
[Result "1/2-1/2"]
[PlyCount "24"]
[EventDate "2011.02.05"]

1. e4 c6 2. d4 d5 3. Nd2 h6 4. c3 dxe4 5. Nxe4 Bf5 6. Nc5 b6 7. Na6 e6 8. Qf3
Qd7 9. Nxb8 Rxb8 10. Bf4 Bd6 11. Bxd6 Qxd6 12. Bd3 Ne7 1/2-1/2

[Event "Festival Carnevale d'Europa"]
[Site "Cento ITA"]
[Date "2011.02.11"]
[Round "7"]
[White "Jakovljevic, Vlado"]
[Black "Boscolo, Federico"]
[WhiteElo "2394"]
[BlackElo "2196"]
[Result "1-0"]
[PlyCount "63"]
[EventDate "2011.02.05"]

1. c4 Nf6 2. Nf3 g6 3. d4 Bg7 4. g3 O-O 5. Bg2 c6 6. Nc3 d6 7. O-O Qa5 8. e4 e5
9. h3 Nbd7 10. Be3 exd4 11. Nxd4 Ne5 12. Nb3 Qb4 13. c5 Nc4 14. Bd4 Nxb2 15.
Qc2 Na4 16. Nxa4 Qxa4 17. cxd6 Rd8 18. Qb2 Ne8 19. e5 b6 20. Rac1 Bb7 21. Bc3
Rab8 22. f4 Ba8 23. Qf2 c5 24. Bxa8 Rxa8 25. f5 Qd7 26. fxg6 hxg6 27. g4 a5 28.
Nd2 Bh6 29. Rce1 Bxd2 30. e6 Bxe1 31. exf7+ Kh7 32. Rxe1 1-0

[Event "Festival Carnevale d'Europa"]
[Site "Cento ITA"]
[Date "2011.02.11"]
[Round "7"]
[White "Litrico, Paolo"]
[Black "Cocchi, Andrea"]
[WhiteElo "1954"]
[BlackElo "2281"]
[Result "0-1"]
[PlyCount "72"]
[EventDate "2011.02.05"]

1. d4 e6 2. Nf3 c5 3. Nc3 cxd4 4. Nxd4 d6 5. e4 Nf6 6. Be3 a6 7. Qf3 Nbd7 8.
Be2 Qc7 9. O-O Be7 10. a4 O-O 11. Qg3 Kh8 12. f4 b6 13. Bf3 Bb7 14. e5 Ne8 15.
Bxb7 Qxb7 16. Nf3 Rc8 17. Bd4 dxe5 18. fxe5 Nc7 19. Rae1 Nd5 20. Ng5 Bxg5 21.
Qxg5 Rc4 22. Nxd5 Rxd4 23. Nf4 f6 24. exf6 gxf6 25. Qh6 Rg8 26. Re2 e5 27. Ne6
Rdg4 28. Qd2 Qc6 29. Nd8 Rxd8 30. Rd1 Rdg8 31. Kh1 Rd4 32. Qe1 Rxd1 33. Qxd1
Qxa4 34. h3 Qc6 35. Qf1 Qd5 36. Rf2 b5 0-1

[Event "Festival Carnevale d'Europa"]
[Site "Cento ITA"]
[Date "2011.02.11"]
[Round "7"]
[White "Maietti, Luca"]
[Black "Guidi, Marco"]
[WhiteElo "1945"]
[BlackElo "1867"]
[Result "0-1"]
[PlyCount "76"]
[EventDate "2011.02.05"]

1. d4 Nf6 2. Nf3 c5 3. c3 b6 4. Bg5 e6 5. e3 Be7 6. Bd3 Bb7 7. Nbd2 Nd5 8. Bxe7
Qxe7 9. O-O cxd4 10. Nxd4 Nf6 11. Qc2 Nc6 12. N4f3 Rc8 13. a3 h6 14. Ne4 Ng4
15. Rad1 d5 16. Ng3 a6 17. Qe2 b5 18. Rfe1 Nce5 19. Nd4 Qh4 20. h3 Nxd3 21.
Qxd3 Ne5 22. Qe2 g6 23. e4 dxe4 24. Nxb5 axb5 25. Qxb5+ Bc6 26. Qxe5 O-O 27.
Nxe4 Bxe4 28. Qxe4 Qh5 29. Rd2 Rb8 30. b4 Ra8 31. Ra1 Ra4 32. c4 Rfa8 33. Qd3
Rxb4 34. axb4 Rxa1+ 35. Kh2 Qe5+ 36. g3 Qe1 37. Qd8+ Kh7 38. Kg2 Qh1# 0-1

[Event "Festival Carnevale d'Europa"]
[Site "Cento ITA"]
[Date "2011.02.11"]
[Round "7"]
[White "Manca, Federico"]
[Black "Mogranzini, Roberto"]
[WhiteElo "2384"]
[BlackElo "2425"]
[Result "1/2-1/2"]
[PlyCount "44"]
[EventDate "2011.02.05"]

1. e4 c5 2. c3 d5 3. exd5 Qxd5 4. d4 Nc6 5. Nf3 Bg4 6. Be2 cxd4 7. cxd4 e6 8.
Nc3 Bb4 9. O-O Qa5 10. a3 Bxc3 11. bxc3 Nge7 12. Qb3 Qc7 13. h3 Bh5 14. Be3 O-O
15. Rac1 Rad8 16. Rfd1 b6 17. c4 Bxf3 18. Bxf3 Nf5 19. d5 Na5 20. Qd3 Nxe3 21.
Qxe3 exd5 22. Bxd5 Nb7 1/2-1/2

[Event "Festival Carnevale d'Europa"]
[Site "Cento ITA"]
[Date "2011.02.11"]
[Round "7"]
[White "Martinez, Guido"]
[Black "Gioga, Michele"]
[WhiteElo "1926"]
[BlackElo "1682"]
[Result "1/2-1/2"]
[PlyCount "90"]
[EventDate "2011.02.05"]

1. e4 d5 2. exd5 Qxd5 3. Nc3 Qe5+ 4. Be2 c6 5. Nf3 Qc7 6. d4 Bf5 7. O-O Nf6 8.
Re1 e6 9. Bf1 Be7 10. Bg5 O-O 11. Qd2 h6 12. Bf4 Bd6 13. Ne5 Nbd7 14. Rad1 Rfd8
15. Qe3 Ng4 16. Qg3 Ngxe5 17. dxe5 Bf8 18. Bxh6 Bxc2 19. Rd2 Bg6 20. Bg5 Re8
21. Bc4 Nb6 22. Bb3 Nd5 23. Red1 Be7 24. Rd4 Bxg5 25. Qxg5 Qe7 26. Qg3 Bf5 27.
Ne4 c5 28. Rxd5 Bxe4 29. Rd7 Qf8 30. Qh4 Bc6 31. Bc2 g6 32. R7d3 Qg7 33. Re1
Bd5 34. a3 Rac8 35. Rh3 Red8 36. Qf4 Bc6 37. Rd1 Rxd1+ 38. Bxd1 Rd8 39. Bc2 Rd4
40. Qe3 Be4 41. Bb3 Bd5 42. f4 Bxb3 43. Qxb3 b6 44. Qf3 Rd5 45. Kf1 Qf8 1/2-1/2

[Event "Festival Carnevale d'Europa"]
[Site "Cento ITA"]
[Date "2011.02.11"]
[Round "7"]
[White "Monducci, Mirko"]
[Black "Gulinelli, Euro"]
[WhiteElo "1925"]
[BlackElo "1613"]
[Result "1-0"]
[PlyCount "97"]
[EventDate "2011.02.05"]

1. d4 d5 2. Nf3 Nf6 3. Bf4 Nh5 4. Bd2 Nf6 5. h3 e6 6. Bf4 c5 7. e3 cxd4 8. exd4
Bd6 9. Bxd6 Qxd6 10. c3 O-O 11. Bd3 Nbd7 12. O-O a6 13. Re1 b5 14. Nbd2 Bb7 15.
Ne5 Rac8 16. Nb3 Rc7 17. a3 Rfc8 18. Qf3 Qf8 19. Qf4 Nh5 20. Qh4 Nhf6 21. Nxd7
Rxd7 22. Nc5 Rdc7 23. b4 h6 24. a4 Nd7 25. axb5 axb5 26. Bxb5 Nxc5 27. bxc5 Bc6
28. Bxc6 Rxc6 29. Qf4 Qd8 30. Ra7 R8c7 31. Rea1 Qe7 32. Rxc7 Rxc7 33. Ra8+ Kh7
34. Qd6 Qxd6 35. cxd6 Rd7 36. Ra6 Kg6 37. Rc6 Kf6 38. f4 g6 39. Kf2 Rd8 40. Ke3
Rd7 41. Kd3 g5 42. fxg5+ hxg5 43. c4 dxc4+ 44. Kxc4 Rd8 45. Kc5 Kf5 46. Rc7 f6
47. Kc6 e5 48. dxe5 Kxe5 49. Re7+ 1-0

[Event "Festival Carnevale d'Europa"]
[Site "Cento ITA"]
[Date "2011.02.11"]
[Round "7"]
[White "Mueer, Sebastian"]
[Black "Setti, Roberto"]
[WhiteElo "2189"]
[BlackElo "1939"]
[Result "1-0"]
[PlyCount "121"]
[EventDate "2011.02.05"]

1. c4 e5 2. g3 Bc5 3. Nc3 d6 4. Bg2 Nc6 5. Nf3 Nf6 6. d3 O-O 7. O-O h6 8. a3 a5
9. b3 Be6 10. e3 Bg4 11. h3 Bh5 12. Bb2 Re8 13. Qc2 Qc8 14. Kh2 Bg6 15. Ng1 Ne7
16. Rac1 c6 17. Qd2 Qe6 18. Nge2 Qf5 19. d4 Bb6 20. c5 Bc7 21. b4 axb4 22. axb4
d5 23. dxe5 Bxe5 24. Nd4 Qd3 25. Qxd3 Bxd3 26. Rfd1 Bg6 27. Ra1 Nf5 28. Nce2
Ne4 29. Kg1 Bf6 30. Bxe4 dxe4 31. Nxf5 Bxb2 32. Rxa8 Rxa8 33. Ne7+ Kh7 34. Rd7
Rb8 35. Nf4 Bc3 36. h4 h5 37. g4 hxg4 38. h5 Bxh5 39. Nxh5 Bxb4 40. Nf5 Kg6 41.
Nfg3 Bxc5 42. Nf4+ Kh7 43. Nxe4 Ba3 44. Rxf7 Kg8 45. Rc7 b5 46. Ne6 Bb2 47.
Rxc6 b4 48. N6c5 Ba3 49. Nb3 Rd8 50. Rd6 Re8 51. Rd4 Rc8 52. Nec5 g3 53. f3 Re8
54. e4 Kf7 55. Kg2 Rh8 56. Kxg3 Rh1 57. Rd7+ Kg8 58. Rb7 Rg1+ 59. Kf4 Re1 60.
e5 Bc1+ 61. Kf5 1-0

[Event "Festival Carnevale d'Europa"]
[Site "Cento ITA"]
[Date "2011.02.11"]
[Round "7"]
[White "Naumkin, Igor"]
[Black "Solomon, Kenny"]
[WhiteElo "2499"]
[BlackElo "2425"]
[Result "1-0"]
[PlyCount "80"]
[EventDate "2011.02.05"]

1. d4 Nf6 2. c4 e6 3. Nf3 b6 4. g3 Ba6 5. b3 Bb7 6. Bg2 Bb4+ 7. Bd2 a5 8. O-O
O-O 9. Nc3 d6 10. Qc2 Nbd7 11. Rad1 Bxc3 12. Bxc3 Be4 13. Qb2 Re8 14. Bh3 c6
15. Nd2 Bg6 16. Bg2 d5 17. a4 Qe7 18. Rfe1 Ne4 19. Nxe4 dxe4 20. d5 cxd5 21.
cxd5 e5 22. Bh3 f5 23. b4 Qd6 24. bxa5 bxa5 25. Qd2 Nc5 26. Qa2 f4 27. Qa3 e3
28. fxe3 fxg3 29. hxg3 Rab8 30. Bxa5 Rb3 31. Qc1 Be4 32. Kh2 h6 33. Qc4 Reb8
34. Rf1 Rb2 35. Bc7 Rxe2+ 36. Qxe2 Qxc7 37. d6 Qd8 38. Qc4+ Kh7 39. Rf2 Qa5 40.
d7 Rd8 1-0

[Event "Festival Carnevale d'Europa"]
[Site "Cento ITA"]
[Date "2011.02.11"]
[Round "7"]
[White "Nonni, Alessio"]
[Black "Yurenok, Maria S."]
[WhiteElo "1924"]
[BlackElo "2092"]
[Result "0-1"]
[PlyCount "40"]
[EventDate "2011.02.05"]

1. d4 d5 2. Nf3 Nf6 3. e3 Bg4 4. h3 Bxf3 5. Qxf3 Nbd7 6. c4 e6 7. Nc3 c6 8. Bd3
Bd6 9. O-O O-O 10. Rd1 Qe7 11. b3 Rfe8 12. Bc2 Bb4 13. Bb2 e5 14. dxe5 Nxe5 15.
Qf4 dxc4 16. bxc4 Ba3 17. Rab1 Bxb2 18. Rxb2 Rad8 19. Ne2 Rxd1+ 20. Bxd1 Nd3
0-1

[Event "Festival Carnevale d'Europa"]
[Site "Cento ITA"]
[Date "2011.02.11"]
[Round "7"]
[White "Pelyushenko, Vladyslav"]
[Black "Bonetti, Carlo"]
[WhiteElo "1784"]
[BlackElo "1915"]
[Result "1-0"]
[PlyCount "67"]
[EventDate "2011.02.05"]

1. d4 g6 2. c4 Bg7 3. Nc3 Nf6 4. e4 d6 5. Be2 O-O 6. Nf3 c5 7. d5 Bg4 8. h3
Bxf3 9. Bxf3 Nbd7 10. O-O Ne8 11. Be3 Nc7 12. Be2 a6 13. Qd2 Re8 14. Rab1 Qb8
15. b4 cxb4 16. Rxb4 a5 17. Rbb1 Na6 18. Na4 Nac5 19. Nxc5 dxc5 20. Rb5 b6 21.
Rfb1 Qe5 22. Bg4 f5 23. exf5 gxf5 24. Bf3 Rac8 25. Bf4 Qd4 26. Qc1 a4 27. d6 e5
28. Bd5+ Kf8 29. Bh6 e4 30. Bxg7+ Qxg7 31. Qf4 Qe5 32. Qg5 Qg7 33. Qxf5+ Nf6
34. d7 1-0

[Event "Festival Carnevale d'Europa"]
[Site "Cento ITA"]
[Date "2011.02.11"]
[Round "7"]
[White "Pierangeli, Andrea"]
[Black "La Bella, Roberto"]
[WhiteElo "1964"]
[BlackElo "2138"]
[Result "0-1"]
[PlyCount "98"]
[EventDate "2011.02.05"]

1. Nf3 Nf6 2. d4 g6 3. g3 Bg7 4. Bg2 O-O 5. O-O d6 6. c3 Nbd7 7. Nbd2 c6 8. e4
e5 9. Qc2 Qc7 10. Re1 Rd8 11. Nb3 c5 12. Bg5 cxd4 13. Rac1 dxc3 14. Qe2 Nc5 15.
Rxc3 Qe7 16. Nxc5 dxc5 17. Nd2 h6 18. Be3 b6 19. f3 Ne8 20. Rd1 Nc7 21. Nf1 Ba6
22. Qc2 Nb5 23. Rb3 Rxd1 24. Qxd1 c4 25. Rxb5 Bxb5 26. Qd5 Qe8 27. Qd2 Kh7 28.
Qc3 Rd8 29. Qc2 Qd7 30. Bf2 Qd1 31. Qc3 Qa4 32. Ne3 Qxa2 33. Bf1 Ba6 34. Kg2 b5
35. Be1 Bc8 36. h4 Be6 37. g4 a6 38. Qb4 Qb3 39. Qe7 Qxb2+ 40. Kg3 Qd4 41. Bf2
Qd6 42. Qa7 Bf6 43. Nd5 Bxd5 44. exd5 Qxd5 45. Qxa6 Bxh4+ 46. Kg2 Qd2 47. Qa7
Rd7 48. Qc5 Qb2 49. Qe3 Bxf2 0-1

[Event "Festival Carnevale d'Europa"]
[Site "Cento ITA"]
[Date "2011.02.11"]
[Round "7"]
[White "Romanishin, Oleg M."]
[Black "Salvador, Roland"]
[WhiteElo "2534"]
[BlackElo "2533"]
[Result "1/2-1/2"]
[PlyCount "61"]
[EventDate "2011.02.05"]

1. Nf3 Nf6 2. g3 b5 3. Bg2 Bb7 4. O-O e6 5. d3 Be7 6. e4 d6 7. Na3 a6 8. c4
bxc4 9. Nxc4 Nc6 10. Bd2 O-O 11. Rc1 d5 12. e5 dxc4 13. exf6 Bxf6 14. dxc4 Qe7
15. Bc3 Rfd8 16. Qe2 Rab8 17. Rfd1 Rxd1+ 18. Qxd1 Rd8 19. Qe2 Bxc3 20. Rxc3 Qd7
21. Rc1 a5 22. Ne5 Nxe5 23. Qxe5 Bxg2 24. Kxg2 Qc6+ 25. Kg1 a4 26. Qb5 Qa8 27.
Qc5 Rd7 28. Qb5 Rd4 29. Qc5 Rd7 30. Qb5 Rd4 31. Qc5 1/2-1/2